[Event "GRE-chT U16 9th"]
[Site "Thessaloniki"]
[Date "2016.12.17"]
[Round "5.4"]
[White "Thomaidis, Charalampos"]
[Black "Mylonas, Christos"]
[Result "0-1"]
[WhiteElo "830"]
[BlackElo "1022"]
[PlyCount "122"]
[EventDate "2016.12.15"]
[EventType "team-swiss"]
[EventRounds "6"]
[EventCountry "GRE"]
[SourceTitle "CBM 176 Extra"]
[Source "ChessBase"]
[SourceDate "2017.03.02"]
[SourceVersion "1"]
[SourceVersionDate "2017.03.02"]
[SourceQuality "1"]
[WhiteTeam "Kalamata"]
[BlackTeam "Ptolemaida Ptolemaios"]
[WhiteTeamCountry "GRE"]
[BlackTeamCountry "GRE"]

1. e4 e6 2. d4 d5 3. exd5 exd5 4. Nc3 Nf6 5. Nf3 Nc6 6. Bg5 Be7 7. Be2 0-0 8. 0-0 h6 9. Bxf6 Bxf6 10. h3 Bd7 11. Nxd5 Be6 12. Nxf6+ gxf6 13. c3 a6 14. Qc1 Kg7 15. Rd1 Bf5 16. Nh4 Bh7 17. Bd3 Qd7 18. Bxh7 Kxh7 19. Qc2+ Kh8 20. Nf5 Qd5 21. Nxh6 Qg5 22. Ng4 Rg8 23. Rd2 f5 24. Ne3 f4 25. Ng4 f5 26. Ne3 fxe3 27. fxe3 Qxe3+ 28. Rf2 f4 29. Qe2 Qxe2 30. Rxe2 f3 31. Rf2 fxg2 32. Rxg2 Rxg2+ 33. Kxg2 Rg8+ 34. Kf2 Rf8+ 35. Ke2 Rg8 36. h4 Rg2+ 37. Kd3 Rh2 38. b4 Rxh4 39. d5 Ne7 40. c4 b5 41. cxb5 axb5 42. Re1 Nxd5 43. Re5 Nxb4+ 44. Kd2 Rh2+ 45. Kc1 Nxa2+ 46. Kb1 Nc3+ 47. Kc1 Kg8 48. Rg5+ Kf7 49. Rf5+ Kg6 50. Rf8 b4 51. Rc8 b3 52. Rg8+ Kf7 53. Rg7+ Ke6 54. Re7+ Kd6 55. Re6+ Kc5 56. Rc6+ Kd4 57. Rd6+ Nd5 58. Rc6 b2+ 59. Kb1 Nc3+ 60. Rxc3 Kxc3 61. Ka2 Kc2 0-1